Environmental science and engineering

Shranjeno v:
Bibliografske podrobnosti
Glavni avtor: J GLYNN HENRY
Format: Knjiga
Jezik:Undetermined
Izdano: Upper Saddle River, New Jersey Prentice-Hall 1996
Teme:
Oznake: Označite
Brez oznak, prvi označite!
Thư viện lưu trữ: Trung tâm Học liệu Trường Đại học Cần Thơ
LEADER 00495nam a2200169Ia 4500
001 CTU_50487
008 210402s9999 xx 000 0 und d
082 |a 628 
082 |b H521 
100 |a J GLYNN HENRY 
245 0 |a Environmental science and engineering 
245 0 |c J GLYNN HENRY, Gary W. Heinke 
260 |a Upper Saddle River, New Jersey 
260 |b Prentice-Hall 
260 |c 1996 
650 |a environmental engineering 
980 |a Trung tâm Học liệu Trường Đại học Cần Thơ